000 00875nam a22002657a 4500
001 25500
005 20260428171653.0
008 260427b |||||||| |||| 00| 0 spa d
020 _a9786123113230
041 _aESP
082 _a346.6
_bD84 T. 1
100 _a,
110 _aDivisión de Estudios Jurídicos de Gaceta Jurídica
245 _aLa práctica contractual en sus modelos y documentos :
_bcon referencias a las normas aplicables, tipos de pactos y cláusulas particulares
260 _aLima :
_bGaceta Jurídica,
_c2016
300 _a446 páginas :
_bcuadro ;
_c25 cm.
440 _a ;
650 _aCIS
653 _aContratos, teoría; Práctica contractual, modelos
654 _aCDE
700 _aMuro Rojo, Manuel
_eAUT
700 _aTorres Carrasco, Manuel
_eAUT
856 _zVéase además: Biblioteca digital
942 _cLIB
_dJUS
_fMIP
_n0
_2ddc
999 _c25500
_d25500